| 000 | 00705nac a22001931u 4500 | ||
|---|---|---|---|
| 010 | _a63014245 | ||
| 082 |
_a611 _bC8746 |
||
| 090 |
_c1739 _d1739 |
||
| 100 | _aCowdry, Edmund Vincent | ||
| 245 | 1 | 0 |
_aSpecial cytology, _bthe form and functions of the cell in health and diseases; a textbook for students of biology and medicine. |
| 250 | _a2d ed. | ||
| 260 |
_aNew York _b[Hafner Pub. Co.] _c1963 [c1932] |
||
| 300 |
_a3 v. _billus. _c24 cm. |
||
| 500 | _aDonations | ||
| 500 | _aDonations - Dr. Mostafa Gouda | ||
| 650 | 0 | _aCytology. [from old catalog] | |
| 942 |
_cBB _k611C8746 |
||
| 999 |
_c1739 _d1739 |
||